Emily and the big bad bunyip
| Main Author: | |
|---|---|
| Other Authors: | |
| Format: | Book |
| Published: |
AUS :
Angust & Robertson ,
2008
|
| Subjects: |
MARC
| LEADER | 00000cam a2200000 7i4500 | ||
|---|---|---|---|
| 001 | 0000034077 | ||
| 005 | 20220105104121.0 | ||
| 008 | 120929 | ||
| 020 | |a 0732286927 | ||
| 090 | 0 | 0 | |a JP |b ENG |
| 100 | 1 | |a French, Jackie | |
| 245 | 1 | 0 | |a Emily and the big bad bunyip |c written by Jackie French; illustrated by Bruce Whatley |
| 260 | |a AUS : |b Angust & Robertson , |c 2008 | ||
| 500 | |a Children age 4-6 years old (yellow) | ||
| 650 | 0 | |a Children's stories, English | |
| 700 | 1 | |a Whatley, Bruce | |
| 999 | |a 0001158408 |b Book |c Children Collection |e Perbadanan Perpustakaan Awam Johor | ||